000
00183 a2200097 4500
041
_a
spa
100
_a
Julian.E.Gonzalez Zuares
245
_a
Juana de Arco
942
_c
BK
952
_7
4
999
_c
16637
_d
16637